000 00643nam a22001937a 4500
005 20250801140918.0
010 _aENG-146302
020 _a9788198436993
_c699.00
035 _aEN-129834
037 _bDBAD
082 _a378.54
100 _aKumar Dubey,Arun
_983595
245 _aREVAMPING HIGHER EDUCATION FOR THE 21ST CENTURY/
_cARUN KUMAR DUBEY
260 _aCHHATTISGARH
_bADITI PUBLICATION
_c2025
270 _aOPP. NEW PANCHJANYA VIDYA MANDIR, NEAR TIRANGA CHOWK, KUHALPUR, RAIPUR, CHHATTISGARH
_bCHHATTISGARH
300 _a205p.
_c29cm(pbk)
700 _aDUBEY, ABHA
_983596
942 _2ddc
_cEN
_h378.54
_mKUM
_e01
999 _c212789
_d212789